Political economy in macroeconomics (Record no. 402341)

000 -LEADER
fixed length control field 00395cam a22001457a 4500
008 - FIXED-LENGTH DATA ELEMENTS--GENERAL INFORMATION
fixed length control field 180718b2004 xxu||||| |||| 00| 0 eng d
020 ## - INTERNATIONAL STANDARD BOOK NUMBER
International Standard Book Number 8125026207
082 ## - DEWEY DECIMAL CLASSIFICATION NUMBER
Classification number T108 D799
100 ## - MAIN ENTRY--PERSONAL NAME
Personal name Drazen, Allan
245 ## - TITLE STATEMENT
Title Political economy in macroeconomics
Statement of responsibility, etc. by Allan Drazen
260 ## - PUBLICATION, DISTRIBUTION, ETC.
Place of publication, distribution, etc. New Delhi
Name of publisher, distributor, etc. Orient Longman
Date of publication, distribution, etc. 2004
300 ## - PHYSICAL DESCRIPTION
Extent 775p.
650 ## - SUBJECT ADDED ENTRY--TOPICAL TERM
Topical term or geographic name entry element Economic reforms
650 ## - SUBJECT ADDED ENTRY--TOPICAL TERM
Topical term or geographic name entry element Macroeconomics
Holdings
Withdrawn status Lost status Damaged status Not for loan Permanent Location Current Location Date acquired Full call number Barcode Date last seen Price effective from Koha item type
        Indian Institute of Public Administration Indian Institute of Public Administration 2004-04-15 T108 D799 79192 2018-07-21 2018-07-21 Book

Powered by Koha